Cấp thoát nước Giáo trình dùng cho sinh viên đại học chuyên ngành kiến trúc và xây dựng

XD032 Cấp thoát nước

Wedi'i Gadw mewn:
Manylion Llyfryddiaeth
Prif Awdur: Hoàng, Huệ
Fformat: Llyfr
Iaith:Undetermined
Cyhoeddwyd: H. Xây dựng 2005
Pynciau:
Mynediad Ar-lein:http://lrc.tdmu.edu.vn/opac/search/detail.asp?aID=2&ID=3541
Tagiau: Ychwanegu Tag
Dim Tagiau, Byddwch y cyntaf i dagio'r cofnod hwn!
Thư viện lưu trữ: Trung tâm Học liệu Trường Đại học Thủ Dầu Một
LEADER 00726nam a2200217Ia 4500
001 TDMU_3541
008 210410s9999 xx 000 0 und d
082 |a 628.1 
090 |b H6508 
100 |a Hoàng, Huệ 
245 0 |a Cấp thoát nước 
245 0 |b Giáo trình dùng cho sinh viên đại học chuyên ngành kiến trúc và xây dựng 
245 0 |c Hoàng Huệ 
260 |a H. 
260 |b Xây dựng 
260 |c 2005 
300 |a 174tr. 
520 |a XD032 Cấp thoát nước 
650 |a Cấp thoát nước 
856 |u http://lrc.tdmu.edu.vn/opac/search/detail.asp?aID=2&ID=3541 
980 |a Trung tâm Học liệu Trường Đại học Thủ Dầu Một